Unspeakable anecdotes : (Record no. 82716)

MARC details
000 -LEADER
fixed length control field 00623nam a22001817a 4500
005 - DATE AND TIME OF LATEST TRANSACTION
control field 20140314125444.0
010 ## - LCCN (DPL NO)
LC control number ENG-109448
020 ## - INTERNATIONAL STANDARD BOOK NUMBER
Terms of availability 265.00
International Standard Book Number 9789350351949
035 ## - SYSTEM CONTROL NUMBER
System control number EN-92981
037 ## - SOURCE OF ACQUISITION
Source of stock number/acquisition DBAD/PUB
082 ## - DEWEY DECIMAL CLASSIFICATION NUMBER
Classification number 347.5414092
100 ## - MAIN ENTRY--PERSONAL NAME
Personal name Krishna Iyer, V.R.
245 00 - TITLE STATEMENT
Title Unspeakable anecdotes :
Statement of responsibility, etc by V.R. Krishna Iyer
Remainder of title my life, judiciary and more /
260 ## - PUBLICATION, DISTRIBUTION, ETC. (IMPRINT)
Place of publication, distribution, etc Delhi
Name of publisher, distributor, etc Universal Law Publishing
Date of publication, distribution, etc 2012
270 ## - ADDRESS
Address C-FF-1A, Dilkhush Industrial Estate, (Near Azadpur Metro Station) G.T. Karnal Road,
City Delhi
Postal code 110033
300 ## - PHYSICAL DESCRIPTION
Extent v,119p.
Dimensions 25cm(Hb)
942 ## - ADDED ENTRY ELEMENTS (KOHA)
Source of classification or shelving scheme Dewey Decimal Classification
Item type English Books
Call number suffix KRI
Classification part 347.5414092
Holdings
Withdrawn status Lost status Not for loan Collection code Home library Current library Date acquired Source of acquisition Cost, normal purchase price Full call number Barcode Copy number Cost, replacement price Koha item type
    Not For Loan Non-fiction D.B.Act.Division D.B.Act.Division 25/02/2014 DBAD/PUB 265.00 347.5414092 KRI EN-92981 1 265.00 English Books

© Delhi Public Library
Hit Counter
free hit counter